000 00431nam a2200181 4500
999 _c12800
_d12800
008 210607b ||||| |||| 00| 1 hin d
020 _cRs.40.00
041 0 _ahin
082 0 0 _a891.43
_bP2289
100 _95017
_aParesh
245 1 0 _aGas chamber /
_cby Paresh
250 _a1st ed.
260 _aHaryana:
_badhaar prakashan,
_c1991.
300 _a107 p.
365 _bINR 40.00
650 0 _aHindi fiction
942 _2ddc
_cBK